Вопросы развития личности / (Record no. 215609)
[ view plain ]
| 000 -LEADER | |
|---|---|
| fixed length control field | 01019nam a2200205 u 4500 |
| 001 - CONTROL NUMBER | |
| control field | 000556445 |
| 003 - CONTROL NUMBER IDENTIFIER | |
| control field | AM-YeHGA |
| 005 - DATE AND TIME OF LATEST TRANSACTION | |
| control field | 20250617140215.0 |
| 008 - FIXED-LENGTH DATA ELEMENTS--GENERAL INFORMATION | |
| fixed length control field | 071107s1974 ||||||||||||||||||||rus c |
| 040 ## - CATALOGING SOURCE | |
| Original cataloging agency | AM-YeHGA |
| 041 0# - LANGUAGE CODE | |
| Language code of text/sound track or separate title | rus |
| 090 ## - LOCALLY ASSIGNED LC-TYPE CALL NUMBER (OCLC); LOCAL CALL NUMBER (RLIN) | |
| -- | 217129 |
| 245 00 - TITLE STATEMENT | |
| Title | Вопросы развития личности / |
| Statement of responsibility, etc. | М-во просвещ. РСФСР. Владимирский гос. пед. ин-т им. П.И. Лебедева-Полянского ; Редкол.: В.П. Хворов (отв. ред.) и др. |
| 260 ## - PUBLICATION, DISTRIBUTION, ETC. | |
| Place of publication, distribution, etc. | Владимир : |
| Name of publisher, distributor, etc. | Изд-во Владимир. пед. ин-та, |
| Date of publication, distribution, etc. | 1974. |
| 300 ## - PHYSICAL DESCRIPTION | |
| Extent | вып. |
| 505 10 - FORMATTED CONTENTS NOTE | |
| Miscellaneous information | Вып. 2 (1974, 199 с.) |
| -- | Вып. 3 (1975, 190 с.) |
| 650 14 - SUBJECT ADDED ENTRY--TOPICAL TERM | |
| Topical term or geographic name entry element | Диалектический и исторический материализм |
| 700 1# - ADDED ENTRY--PERSONAL NAME | |
| Personal name | Хворов, В.П. |
| Relator term | ред. |
| Relationship | edt |
| 710 2# - ADDED ENTRY--CORPORATE NAME | |
| Corporate name or jurisdiction name as entry element | Владимирский государственный педагогический институт им. П.И. Лебедева-Полянского |
| Withdrawn status | Lost status | Damaged status | Not for loan | Collection | Home library | Current library | Date acquired | Serial enumeration / chronology | Total checkouts | Full call number | Barcode | Date last seen | Price effective from | Koha item type | Public note |
|---|---|---|---|---|---|---|---|---|---|---|---|---|---|---|---|
| General | Fundamental Scientific Library | Fundamental Scientific Library | 28/12/2016 | Вып. 2 | PII/331146 | FL0263321 | 28/12/2016 | 28/12/2016 | Գրքեր / Books | 30 Days Loan | |||||
| General | Fundamental Scientific Library | Fundamental Scientific Library | 28/12/2016 | Вып. 3 | PII/367258 | FL0332910 | 28/12/2016 | 28/12/2016 | Գրքեր / Books | 30 Days Loan |
ՀՀ Գիտությունների ազգային ակադեմիայի հիմնարար գիտական գրադարան = Fundamental Scientific Library of NAS RA
All site content, except where otherwise noted, is licensed under a